00569nam a22001937a 450000500170000001000150001702000260003203500140005803700130007208200160008510000200010124500740012126000470019527000430024230000220028570000280030770000190033570000210035420230920125255.0 aENG-138200 a9788181714572c790.00 aEN-121732 bDBAD/PUB a593.4095436 aRaghunathan, C. aSponges of Andaman and Nicobar Islands /cBy C. Raghunathan...[et.al] aKolkatabZoological Survey of Indiac2017 aM- Block, New AliporebKolkatae700053 a112 p.c24cm(pbk) aImmanuel, TituseAuthor aRaghuraman, R. aVenkataraman, K.